| 000 | 00554nam a2200157Ia 4500 | ||
|---|---|---|---|
| 008 | 090124s9999 xx 000 0 und d | ||
| 082 | _b35925 | ||
| 245 | _a आचार्य अत्रे झंझावत | ||
| 250 | _a0 | ||
| 260 | _bशलाका प्रकाशन | ||
| 300 | _a72 | ||
| 630 | _a आचार्य अत्रे झंझावत | ||
| 700 | _aखाडिलकर नीलकंठ (संपादक नवाकाऴ) | ||
| 730 | _a आचार्य अत्रे झंझावत | ||
| 942 | _cBOOK | ||
| 999 |
_c101926 _d101926 |
||